Grupos humanos y categorias sociales (Record no. 128542)

MARC details
000 -LEADER
campo de control de longitud fija 00922nam a2200277 i 4500
001 - NÚMERO DE CONTROL
campo de control 128542
003 - IDENTIFICADOR DE NÚMERO DE CONTROL
campo de control ES-MaACL
005 - FECHA Y HORA DE LA ÚLTIMA TRANSACCIÓN
campo de control 20250822035248.0
007 - CAMPO FIJO DE DESCRIPCIÓN FÍSICA--INFORMACIÓN GENERAL
campo de control de longitud fija t|
008 - DATOS DE LONGITUD FIJA--INFORMACIÓN GENERAL
campo de control de longitud fija 070517s1984 sp ||||1| spa d
020 ## - NÚMERO INTERNACIONAL ESTÁNDAR DEL LIBRO
Número Internacional Estándar del Libro 84-254-1409-1
080 ## - NÚMERO DE LA CLASIFICACIÓN DECIMAL UNIVERSAL
Número de la Clasificación Decimal Universal 301.18
080 ## - NÚMERO DE LA CLASIFICACIÓN DECIMAL UNIVERSAL
Número de la Clasificación Decimal Universal 301.151
100 1# - ENTRADA PRINCIPAL--NOMBRE DE PERSONA
Nombre de persona Tajfel, Henri.
9 (RLIN) 109091
245 10 - MENCIÓN DEL TÍTULO
Título Grupos humanos y categorias sociales
Resto del título : estudios de psicología social /
Mención de responsabilidad, etc. Henri Tajfel ; versión castellana de Carmen Huici ; prólogo de Jerome Bruner.
260 ## - PUBLICACIÓN, DISTRIBUCIÓN, ETC.
Lugar de publicación, distribución, etc. Barcelona :
Nombre del editor, distribuidor, etc. Herder,
Fecha de publicación, distribución, etc. 1984.
300 ## - DESCRIPCIÓN FÍSICA
Extensión 409 p. ;
Dimensiones 25 cm.
490 1# - MENCIÓN DE SERIE
Mención de serie Biblioteca de psicosociología ;
Designación de volumen o secuencia 15
504 ## - NOTA DE BIBLIOGRAFÍA, ETC.
Nota de bibliografía, etc. Bibliografía. Indices.
650 17 - PUNTO DE ACCESO ADICIONAL DE MATERIA--TÉRMINO DE MATERIA
Término de materia o nombre geográfico como elemento de entrada Psicología social
Fuente del encabezamiento o término embne
9 (RLIN) 16573
700 1# - ENTRADA AGREGADA--NOMBRE PERSONAL
Nombre de persona Bruner, Jerome S.
9 (RLIN) 32153
700 1# - ENTRADA AGREGADA--NOMBRE PERSONAL
Nombre de persona Huici, Carmen.
9 (RLIN) 64657
830 0# - PUNTO DE ACCESO ADICIONAL DE SERIE-TÍTULO UNIFORME
Título uniforme Biblioteca de psicosociología ;
Designación de volumen o secuencia 15
9 (RLIN) 186747
852 ## - LOCALIZACIÓN
Ubicación ES-MaACL
Número de control de estantería L-12293
Sublocalización o colección R.114526
Holdings
Estatus retirado Estado de pérdida Estado de daño No para préstamo Biblioteca de origen Biblioteca actual Ubicación en estantería Fecha de adquisición Fuente de adquisición Total de préstamos Signatura topográfica completa Código de barras Visto por última vez Precio de reemplazo Tipo de ítem Koha
        Biblioteca del Ateneo de Madrid Biblioteca del Ateneo de Madrid Depósito 2 17/01/2008     L-12293 1133871 23/02/2023 23/02/2023 Libro impreso